00424 2200181 4500001002100000005001500021008004100036035001900077041000700096082001000103090001600113100000800129245002900137260001600166300002700182500001100209650002200220INLIS00000000000147020241224112345241224||||||||| | ||| |||| || |  0010-1224001470 aid0 a621.5 a621.5 TIM b0 atim00aBalada Manusia dan Mesin bMizanc2002 a147 hlm.; ilus.: 21 cm aCet. 1 0aIlmu Keterampilan